Practical astronomy with your calculator /

Bibliographic Details
Main Author: Duffett-Smith, Peter
Format: Book
Language:English
Published: Cambridge [England] ; New York : Cambridge University Press, 1981.
Edition:2nd ed.
Subjects:

MARC

Tag First Indicator Second Indicator Subfields
LEADER 00000cam a22000008a 4500
001 in00000048995
005 20151007075809.0
008 810424s1981 enka 00110 eng
010 |a  81006191  
020 |a 052124059X 
020 |a 0521284112 (pbk.) 
035 |a (OCoLC)07552314 
035 |9 AAF3831AM 
039 0 |a 2  |b 3  |c 3  |d 3  |e 3 
040 |a DLC  |c DLC  |d TXA  |d UtOrBLW 
049 |a TXAM  |c [1805652] 
050 0 0 |a QB62.5  |b .D83 1981 
082 0 |a 522/.076  |2 19 
100 1 |a Duffett-Smith, Peter. 
245 1 0 |a Practical astronomy with your calculator /  |c Peter Duffett-Smith. 
250 |a 2nd ed. 
263 |a 8108 
264 1 |a Cambridge [England] ;  |a New York :  |b Cambridge University Press,  |c 1981. 
300 |a xvi, 188 pages :  |b illustrations ;  |c 21 cm. 
336 |a text  |b txt  |2 rdacontent 
337 |a unmediated  |b n  |2 rdamedia 
338 |a volume  |b nc  |2 rdacarrier 
500 |a Includes index. 
650 0 |a Astronomy  |v Problems, exercises, etc. 
650 0 |a Calculators. 
999 |a MARS 
999 f f |s 1e0c0f28-2de6-3d2a-8b29-141d0e369907  |i b573b42e-e46a-3a71-bb47-2e88872525cc  |t 0 
952 f f |p normal  |a Texas A&M University  |b College Station  |c Sterling C. Evans Library  |s Evans stk  |d Evans: Library Stacks  |t 0  |e QB62.5 .D83 1981  |h Library of Congress classification  |i unmediated -- volume  |m A14805942830 
998 f f |a QB62.5 .D83 1981  |t 0  |l Evans: Library Stacks